| 000 | 00721nam a2200229Ia 4500 | ||
|---|---|---|---|
| 008 | 200601s9999 xx 000 0 und d | ||
| 020 | _a0-8213-4997 | ||
| 050 | _aREF HF 1385 | ||
| 050 | _b.D48 2002 | ||
| 245 | 0 | _aDevelopment, trade, and the WTO : | |
| 245 | 2 | _ba handbook / | |
| 245 | 0 | _cBernard Hockman, Aaditya Matoo, and Philip English, editors. | |
| 260 | _aNew York : | ||
| 260 | _bThe World Bank. | ||
| 260 | _c2002 | ||
| 300 | _a641 pages : | ||
| 300 | _billustrations ; | ||
| 300 | _c28 cm. | ||
| 650 | _aInternational trade -- Handbooks, manuals, etc. | ||
| 650 | _aWorld Trade Organization -- Handbooks, manuals, etc. | ||
| 650 | _xInternational economic relations -- Handbooks, manuals, etc. | ||
| 999 |
_c363347 _d363347 |
||